000 004630000a22001810004500
003 MACL
005 20150802150851.0
008 150802b xxu||||| |||| 00| 0 eng d
040 _aMACL
_cMACL
041 _aEnglish
082 _a364/MAY
100 _aRay, Binayak
_9630
245 _aCorruption , Governance And Democracy In South Asia
260 _bTowards Freedom
_c2006
_aKolkata
350 _a300
650 _aSocial Science
_94370
942 _cBK
_k364
_2ddc
999 _c8064
_d8064